000 01420namaa22003251i 4500
005 20260407143410.0
008 260407s1994 ua a|||frm||| 00| 0 eng d
040 _aEG-GICUC
_beng
_cEG-GICUC
_dEG-GICUC
_erda
041 0 _aeng
_beng
_bara
049 _aDeposit
097 _aM.Sc
099 _aCai01.11.07.M.Sc.1994.Na.T
100 0 _aNahla Muhammad Lehaitta
_epreparation.
245 1 0 _aThrombin antithrombin III complex in normal pregnancy /
_cNahla Mohammad Leheta ; Supervised By Prof. Dr. Nadia Ali Hasaballa, Prof. Dr. Azza Mostafa Ibrahim
246 1 5 _aمركب الثرومبين و مضاد الثرومبين الثالث فى الحمل الطبيعى
264 0 _c1994.
300 _a112 pages :
_billustrations ;
_c30 cm. +
336 _2rda content
_atext
337 _2rdamedia
_aUnmediated
338 _2rdacarrier
_avolume
502 _aThesis (M.Sc.)-Cairo University, 1994.
504 _aBibliography: pages 87-112
653 0 _aclinical and chemical pathology
653 0 _aThrombin antithrombin III
700 0 _aProf. Dr. Nadia Ali Hasaballa
_ethesis advisor.
700 0 _aProf. Dr. Azza Mostafa Ibrahim
_ethesis advisor.
900 _DDepartment of clinical and chemical pathology
_FFaculty of medicine
_UCairo University
_b1994
_cProf. Dr. Nadia Ali Hasaballa
_cProf. Dr. Azza Mostafa Ibrahim
_dProf. Dr. Nadia Ali Hasaballa
905 _aNermeen-A
942 _2ddc
_cTH
_e21
_n0
999 _c179284